Odpowiedzią jest liczba/ cyfra - Statystyki

Ogólne statystyki
  • Ten quiz został rozwiązany 83 razy
  • Średni wynik to 9 z 15
Statystyki odpowiedzi
Hint Odpowiedź % Poprawnych
Bitwa pod Grunwaldem (rok) 1410
99%
Ile lat żyła królowa Elżbieta II 96
97%
Ile osób brało udział w ostatniej wieczerzy 13
89%
Jakiej cyfry nie zapiszemy rzymskimi cyframi 0
73%
Wprowadzenie stanu wojennego w Polsce (rok) 1981
73%
Ile żon miał król Anglii Henryk XVIII 6
72%
Wstąpienie Polski do NATO (rok) 1999
69%
Ile państw znajduje się na terenie Europy, które uznawane są na arenie międzynarodowej 46
60%
W którym roku zatonął Titanic 1912
59%
W którym wieku wynaleziono żarówkę 19
53%
Ile państw należy do ONZ w lipcu 2023r. 193
36%
Ile razy wskazówki godzinowa i minutowa zachodzą na siebie w ciągu doby 22
36%
Odsiecz wiedeńska (rok) 1683
28%
Ile wynosi suma liczb na kole ruletki 666
12%
Ilu jest w Polsce miliarderów na rok 2023 78
12%
Nie znaleziono quizów pasujących do podanych kryteriów
Rozkład punktacji
Procent ludzi z każdym wynikiem
Percentyl według liczby udzielonych odpowiedzi
Twoja historia wyników
Nie rozwiązałeś tego quizu